Frontier Women : The Trans-Mississippi West, 1840-1880 /

Guardat en:
Dades bibliogràfiques
Autor principal: Jeffrey, Julie Roy (autor)
Format: Llibre
Idioma:anglès
Publicat: Nueva York, EUA : Hill and Wang, 1983, c1979
Col·lecció:(American Century Series)
Etiquetes: Afegir etiqueta
Sense etiquetes, Sigues el primer a etiquetar aquest registre!

MARC

LEADER 00000nam^a2200000^a^4500
001 000265037
005 20250521000000.0
009 20260310110706.14
020 |a 0-8090-0141-1 
037 |a Acervo ITESO - Biblioteca 
041 |a ING 
082 |a 305. 42097362  |b JEF 
100 |a Jeffrey, Julie Roy  |e (autor) 
245 1 0 |a Frontier Women :  |b The Trans-Mississippi West, 1840-1880 /  |c J. Roy Jeffrey. 
264 4 |a Nueva York, EUA :  |b Hill and Wang,  |c 1983, c1979 
300 |a XVI, 240 p. 
336 |a texto  |b txt  |2 rdacontenido 
337 |a sin mediación  |b n  |2 rdamedio 
338 |a volumen  |b nc  |2 rdasoporte 
440 1 |a (American Century Series) 
649 |a XX 
910 |a Fondo General 
920 |a Impresos - Libros 
930 |a Colección General 
905 |a 101 
901 |a 0500147363  |b IT1  |c ACC  |u 20250521 
902 |a https://opac.biblio.iteso.mx/vufind/Record/000265037